حكمة الصين : (Record no. 7038)
[ view plain ]
| 000 -الفاتح | |
|---|---|
| حقل البيانات ثابتة الطول | 00814nac a22001811u 4500 |
| 008 - عناصر البيانات ثابتة الطول - معلومات عامة | |
| حقل البيانات ثابتة الطول | 080904s1968 ua|||||r|||| 000 0 ara d |
| 082 ## - رقم تصنيف ديوى العشرى | |
| رقم التصنيف | 181.09512 |
| رقم المادة | ش ب ل |
| 245 ## - بيان العنوان | |
| العنوان | حكمة الصين : |
| بقية العنوان | دراسة تحليلية لمعالم الفكر الصيني منذ أقدم العصور / |
| بيان المسئوليه,etc | فؤاد محمد شبل |
| 260 ## - PUBLICATION, DISTRIBUTION, ETC. (IMPRINT) | |
| مكان الناشر او الموزع | القاهرة : |
| اسم الناشر او الموزع | دار المعارف ،1968 |
| تاريخ النشر أو التوزيع | 1968 |
| 300 ## - الوصف المادى | |
| التعداد | 1 مج ؛ |
| أبعاد الوعاء | 24 سم. |
| 490 ## - بيان السلسلة | |
| -- | 16205 |
| عنوان السلسلة | ؛ مكتبة الدراسات الفلسفية |
| -- | 388 |
| 504 ## - تبصرة ببليوجرافية | |
| تبصرة ببليوجرافية,الخ | ببليوجرافية الجزء الأول: ص368-369 |
| 504 ## - تبصرة ببليوجرافية | |
| تبصرة ببليوجرافية,الخ | ببليوجرافية الجزء الثانى: ص396-398 |
| 511 ## - | |
| -- | Catalogued by: Sara |
| 541 ## - تبصرة المصدر المباشر للتزويد | |
| مصدر التزويد | الف باء؛ |
| طريقة التزويد | شراء؛ |
| 650 ## - المدخل الاضافى بالموضوع-مصطلح موضوعى | |
| مصطلح موضوعي أو اسم جغرافي كعنصر مدخل | الكونفوشية (فلسفة) |
| 9 (RLIN) | 16342 |
| 942 ## - عناصر المدخل الإضافي( كوها) | |
| Koha [default] item type | Book - Borrowing |
| سابقة رقم الطلب | 181.09512ش ب ل |
| مصدر التصنيف او مخطط الترفيف | Dewey Decimal Classification |
| حالة التراجع | حالة الفقد | مصدر التصنيف او خطة الترفيف | حالة تلف | ليس للاعارة | مجموعات كوها | المكان الدائم | المكان الحالي | موقع الترفيف | تاريخ الاكتساب | Source of acquisition | رقم الاستدعاء | الباركود | Date last seen | مُعار | نوع الوعاء | تبصرة عامة |
|---|---|---|---|---|---|---|---|---|---|---|---|---|---|---|---|---|
| Dewey Decimal Classification | Alef-Baa | Central Library | Central Library | Lower Floor | 07/12/2011 | 181.09512 ش ب ل | 000008565 | 15/07/2025 | 12/07/2012 | Book - Borrowing | ج1 |